| 000 | 01048naa a2200301 c 4500 | ||
|---|---|---|---|
| 001 | 39086 | ||
| 003 | ES-MaCES | ||
| 005 | 20090810115700.0 | ||
| 008 | 090810n2009 sp t 000 | spa d | ||
| 035 | _aCES20090005296v | ||
| 040 |
_aES-MaCES _bspa _cES-MaCES |
||
| 100 | 1 |
_aGarcía Murcia, Joaquín _912994 |
|
| 245 | 1 | 3 |
_aLa huelga en el derecho de la Comunidad Europea _b: una visión desde el sistema español _cJoaquín García Murcia |
| 500 | _aResumen | ||
| 650 | 4 |
_aEspaña _926964 |
|
| 650 | 4 |
_atribunal constitucional _927194 |
|
| 650 | 4 |
_asentencia judicial _929888 |
|
| 650 | 4 |
_anegociación colectiva _928362 |
|
| 650 | 4 |
_alibertad sindical _927177 |
|
| 650 | 4 |
_aderecho del trabajo _927165 |
|
| 650 | 4 |
_afrecuencia de las huelgas _929472 |
|
| 650 | 4 |
_aderecho de huelga _929350 |
|
| 653 | 1 | 0 | _aJurisprudencia |
| 773 | 0 |
_tAranzadi social _gn. 3 (mayo 2009){10650 R. 074397}; p. 69-73 _w(ES-MaCES)25655 _967498 |
|
| 902 | _aART Artículo de revista | ||
| 942 |
_2CES _cAR _h6.2. |
||
| 999 |
_c39086 _d39086 |
||